| 000 | 00712nam a2200193 i 4500 | ||
|---|---|---|---|
| 001 | 24657 | ||
| 003 | ES-MaACL | ||
| 005 | 20260303141306.0 | ||
| 007 | t| | ||
| 008 | 021218s1968 sp ||||1| spa d | ||
| 100 | 1 |
_aAparicio Olmos, Emilio María. _922073 |
|
| 245 | 1 | 0 |
_aSanta María de los Inocentes y Desamparados, en su iconografía original y sus precedentes históricos / _cEmilio María Aparicio Olmos. |
| 260 |
_aValencia : _bInstituto Alfonso el Magnánimo, _c[1968] |
||
| 300 |
_a515 p., 76 lám. ; _c24 cm. |
||
| 650 | 4 |
_aVirgen de los Desamparados- _xIconografía. _9164052 |
|
| 710 | 2 |
_aInstitució Alfons el Magnànim _9173001 |
|
| 852 |
_aES-MaACL _jC-46097 _bR.67852 |
||
| 999 |
_c24657 _d24657 |
||